La formación práctica de los docentes: Reflexión y acción en el aula
Saved in:
| Hovedforfatter: | |
|---|---|
| Format: | Bog |
| Sprog: | spansk |
| Udgivet: |
Rosario
Homo Sapiens
2002
|
| Udgivelse: | 1a. ed |
| Fag: | |
| Tags: |
Tilføj Tag
Ingen Tags, Vær først til at tagge denne postø!
|
MARC
| LEADER | 00000nam a2200000 a 4500 | ||
|---|---|---|---|
| 001 | UCH2637 | ||
| 003 | CL-VaPUC | ||
| 008 | 090618e20020000AG |||||||||||||||||spa|d | ||
| 020 | |a 9508083387 | ||
| 082 | 0 | 4 | |a 370.71 |b SAN |2 21 |
| 100 | 0 | |a Sanjurjo, Liliana |e author |9 537604 | |
| 245 | 1 | 3 | |a La formación práctica de los docentes: Reflexión y acción en el aula |
| 250 | |a 1a. ed | ||
| 300 | |a 158 p | ||
| 942 | |c BK | ||
| 945 | |d 20090618 00:00:00 |a dcastane | ||
| 260 | |a Rosario |b Homo Sapiens |c 2002 | ||
| 650 | 0 | |a Formación de docentes |9 329378 | |
| 650 | 0 | |a Formación profesional de profesores |9 307493 | |
| 650 | 0 | |a Práctica profesional |9 358078 | |
| 583 | |a last modification |c 20090618 00:00:00 |k Rodrigo Vera | ||
| 999 | |c 334359 |d 334357 | ||
| 952 | |0 0 |1 0 |4 0 |6 370_710000000000000_SAN_2002 |7 0 |8 A |9 423337 |a BIBEDU |b BIBEDU |c ES_NOD |d 2019-11-22 |i 4563522 |o 370.71 SAN 2002 |p 4563522 |r 2023-08-09 |w 2019-11-22 |y BK |k PAR | ||